| 000 | 01347njm a22003137a 4500 | ||
|---|---|---|---|
| 005 | 2010092109499.0 | ||
| 007 | sd ammalaaahaa | ||
| 008 | 100918t xxu||||| |||| 00| 0 hin d | ||
| 028 |
_a2394 860 _bMUSIC INDIA |
||
| 028 |
_a2394 860 _bMUSIC INDIA |
||
| 028 |
_a2394 860 _bMUSIC INDIA |
||
| 035 | _aGR-04417 | ||
| 040 | _aSED/VEN | ||
| 100 |
_920657 _aJalota, Sonali |
||
| 245 |
_aKhazana (Part-1) _cby Sonali Jalota; Music by Anoop Jalota; Lyric by Murad Lucknawi _h[sound recording] : _bHindi Ghazals / |
||
| 246 | _aखजाना (सोनाली जलोटा) | ||
| 260 |
_aDum Dum, India _bMUSIC INDIA _cP-1986 |
||
| 300 |
_a1 sound disc [Gramophone record] : _banalog, 331/3 rpm _c12 in. (LP) _fGramophone Record |
||
| 500 | _aBrief Record | ||
| 500 | _aRecord Labels: MUSIC INDIA, Gray | ||
| 505 | _aग़ज़ल साइड-1; जब मुझे राह में पाते हैं (खजाना) (सोनाली जलोटा), गज़ल साइड-2; यँ ही बेसबब ना फिरा करो (भाग-2) | ||
| 600 |
_aJalota, Sonali _920864 |
||
| 650 |
_vFilm Songs _xExcerpts _zIndia _920658 |
||
| 700 | _920659 | ||
| 700 | _920660 | ||
| 700 | _920674 | ||
| 942 |
_2ddc _cGR |
||
| 999 |
_c47256 _d47256 |
||